00463 a2200145 4500010001400000020002200014035001300036037001600049082000800065100001800073245007300091260003900164270009000203300002400293 aENG-89830 a8182645514c70.00 aEN-73363 bDBAD / PUB14a8821 aMakhija, Anju1 aThe last train and If wishes were horsescby Anju Makhijabtwo plays aKozhikodebMathrubhumi Booksc2007 aMathrubhumi Building, K.P. Kesava Menon Road,bKozhikodee673001mwww.mathrubhumi.com a144p.c22 cm. (Pbk)